| 000 | 00734nam a22002417a 4500 | ||
|---|---|---|---|
| 999 |
_c20642 _d20642 |
||
| 003 | AR-CdUCM | ||
| 008 | 190601b ||||| |||| 00| 0 eng d | ||
| 020 | _a0-385-52500-1 | ||
| 040 |
_aMUNICIPALIDAD PROVINCIAL DEL CUSCO _cBIBLIOTECA MUNICIPAL DEL CUSCO |
||
| 041 | _heng | ||
| 082 |
_a818.5 / _bG81 |
||
| 100 |
_aGrisham, John _943146 |
||
| 245 | _aPlaying for pizza / | ||
| 260 |
_aEstados Unidos : _bDoubleday, _c2007. |
||
| 300 |
_a325 páginas ; _c18 cm. |
||
| 500 | _aTitulo original Playing for pizza | ||
| 505 | _aContenido: La novela trata sobre un jugador de fútbol americano. | ||
| 650 |
_aJuego _933628 |
||
| 650 |
_aCampeonato _943147 |
||
| 650 |
_aNovela _9572 |
||
| 942 |
_2ddc _cLIBROS |
||
| 945 | _aJavier | ||